00942nam a2200205 a 450000100100000000500170001000800410002704000250006810000270009324501440012026000580026430000200032249000370034259000750037970000340045483000440048804900090053295201780054199900170071900003488320200930073949.0111021s1981 es 000 0 spa d aDO-SdBNPbspacBNPHU1 aCambell, Norman96044013aEl descubrimiento y la explicación de las leyes científicas /cNorman Cambell : versión española y notas de Ernesto H. Battistella. aVenezuela :bUniversidad Central de Venezuela,c1981. a75 p. ;c18 cm.1 aLas cienciasv11afilosofíav6 aPerteneció a la biblioteca personal de Juan Isidro Jimenes Grullón1 aBattistella,Ernesto H.960441 0aLas cienciasv11pfilosofían6960442 aBNPD 001050718MOaGRbGRcCTd2011-10-21iLF1l0o p34883-10r2020-06-25w2020-06-25y1zPerteneció a la biblioteca personal de Juan Isidro Jimenes Grullón.ZNo se presta c34374d34374